| 000 | 00875nam a2200205 a 4500 | ||
|---|---|---|---|
| 001 | 000027573 | ||
| 005 | 20200930030932.0 | ||
| 008 | 110401s2004 dr 000 0 spa d | ||
| 020 | _a9945000209 | ||
| 040 |
_aDO-SdBNP _bspa _cBNPHU |
||
| 082 |
_axxxx _bM662m |
||
| 100 | 1 |
_aMimenza Aurrecoechea, Ander _954670 |
|
| 245 | 1 | 0 |
_aPlan de Marketing / _cAnder Mimenza Aurrecoechea. |
| 260 |
_aSanto Domingo : _bAlianza ONG, Programa de Fortalecimiento de Capacidades de Organizaciones sin Fines de Lucro en Gestión, marketing y tecnologías de la Información : _bW. K. Kellogg Foundation, _c2004. |
||
| 300 |
_axii, 55 p. ; _c23 cm. |
||
| 490 | 1 |
_aManuales para el fortalecimiento de Organizaciones sin Fines de Lucro _vno. 9 |
|
| 504 | _aBibliografía : p. 53-55 | ||
| 830 | 0 |
_aManuales para el fortalecimiento de Organizaciones sin Fines de Lucro _v9 _954672 |
|
| 049 | _aBNPHU | ||
| 999 |
_c27065 _d27065 |
||